00817cam a22002291 4500001001300000003000400013005001700017008004100034010002200075025001900097043001200116050001600128082001500144245011600159260003600275300003100311350000900342500011200351650005300463710005400516999001700570sa 68004857 DLC20260227112504.0711020s1967 ii a 00000 eng  asa 68004857 //r84 aPL480:I-E-9399 aa-ii---0 aHD4293b.F5 a354.54/09200aFinancial organisation in public enterprise.c[General editor: V. V. Ramanadham] With a foreword by R. C. Dutt.0 aBombay,bN. M. Tripathi,c1967. axi, 253 p.billus.c23 cm. aRs21 a"Contains reviews of the discussions ... at four seminars arranged by the Institute [of Public Enterprise]" 0aGovernment business enterpriseszIndiaxFinance.20aInstitute of Public Enterprise (Hyderabad, India) c80397d80397